Re-thinking the network economy : the true forces that drive the digital marketplace
Αποθηκεύτηκε σε:
| Κύριος συγγραφέας: | |
|---|---|
| Μορφή: | Βιβλίο |
| Γλώσσα: | English |
| Δημοσίευση: |
New York :
AMACOM,
c2002
|
| Θέματα: | |
| Ετικέτες: |
Προσθήκη ετικέτας
Δεν υπάρχουν, Καταχωρήστε ετικέτα πρώτοι!
|
MARC
| LEADER | 00000nam a2200000 i 4500 | ||
|---|---|---|---|
| 001 | 1/47794 | ||
| 008 | 070707s2002 eng d | ||
| 020 | |a 0-8144-0649-1 | ||
| 035 | |l 10088737 | ||
| 040 | |a GR-MY-UA |b gre |e aacr | ||
| 041 | 0 | |a eng | |
| 082 | 0 | |a 381.1 |2 (22) | |
| 100 | 1 | |a Liebowitz, Stan J. |d 1950- | |
| 245 | 1 | 0 | |a Re-thinking the network economy : |b the true forces that drive the digital marketplace / |c Stan J. Liebowitz |
| 260 | |a New York : |b AMACOM, |c c2002 | ||
| 300 | |a xii, 224 σ.; |b εικ.; |c 24 εκ. | ||
| 504 | |a Περιλαμβάνει ευρετήριο | ||
| 650 | 0 | 0 | |a Electronic commerce. |
| 650 | 0 | 0 | |a Internet. |
| 852 | |a INST |b SAMOS |e 20070707 |h 381.1 LIE |p 005300025833 |q 005300025833 |t BK |y 0 | ||
| 901 | |a BIBL3-2007-2 | ||
| 909 | |a Σ |b 135670 | ||
| 922 | |a 3ΕΛΗ |b 200706 |c ΕΠΕΑΕΚ2/ΤΜΠΕΣ |d ΠΑΠΑΣΩΤΗΡΙΟΥ | ||
| 970 | |a ΒΛΑΧΟΥ |b ΒΑΣΙΛΙΚΗ |z 2007/07/07 | ||